Music Quiz

Random Music or Lyrics Quiz

Taylor Swift Songs by Opening Lyrics Quiz Stats

 Plays Quiz Updated Jul 23, 2018

Challenge
Share
Tweet
Embed
Score 0/26 Timer 06:00
8 Plays Today
Lyrics Song % Correct
You're on the phone with your girlfriend, she's upset...You Belong With Me
85.5%
We were both young, when I first saw you...Love Story
83.9%
I was riding shotgun with my hair undone in the front seat of his car...Our Song
80.8%
Drew looks at me, I fake a smile so he won't see...Teardrops On My Guitar
78%
I don't like your little games, don't like your tilted stage...Look What You Made Me Do
74.5%
Say you're sorry, that face of an angel comes out just when you need it to...White Horse
62%
State the obvious, I didn't get my perfect fantasy...Picture to Burn
59.7%
He said the way my blue eyes shined put those Georgia stars to shame that night...Tim McGraw
58.1%
Once upon a time, I believe it was a Tuesday when I caught your eye...Forever and Always
56.1%
There's somethin' 'bout the way the street looks when it's just rained...Fearless
56.1%
I'm five years old, it's getting cold, I've got my big coat on...The Best Day
52.3%
She said, I was seven and you were nine...Mary's Song
47.9%
Cory's eyes are like a jungle...Stay Beautiful
40%
Lyrics Song % Correct
And it’s a sad picture, the final blow hits you, somebody else gets what you wanted again...Change
39.6%
I see your face in my mind as I drive away, cause none of us thought it was gonna end that way...Breathe
37.2%
All this time I was wasting, hoping you would come around...You're Not Sorry
34.9%
Friday night beneath the stars, in a field behind your yard...I'm Only Me When I'm With You
33.7%
I'd never gone with the wind, just let it flow, let it take me where it wants to go to...Crazier
31.9%
I like the way you sound in the morning...Jump Then Fall
30%
I don’t think that passenger seat has ever looked this good to meI'd Lie
29.8%
Seems the only one who doesn't see your beauty is the face in the mirror looking back at ...Tied Together With a Smile
26.8%
You have a way of coming easily to me, and when you take, you take the very best of me...Cold As You
23.6%
In the heat of the fight I walked away, ignoring words that you were saying trying to make me stay...The Other Side of the Door
20.1%
I could go back to every laugh, but I don't wanna' go there anymore...Come In With The Rain
18.9%
Wish I had concentrated, they said love was complicated, but it's something i just fell into...I Heart ?
18%
I bet you lie awake at night trying to make up your sweet mind...Your Anything
8.4%

You're not logged in!

Compare scores with friends on all Sporcle quizzes.
OR
Log In

You Might Also Like...

Show Comments

Extras

Top Quizzes Today


Score Distribution

Your Account Isn't Verified!

In order to create a playlist on Sporcle, you need to verify the email address you used during registration. Go to your Sporcle Settings to finish the process.

Report this User

Report this user for behavior that violates our Community Guidelines.

Details: